000 00874cam a2200217 i 4500
005 20260126094509.0
008 250721s2022 ua gr 000 0 ara d
020 _a9789778412277
082 1 4 _a346.031
_bم س ل
100 1 _aالمسلماني، ابراهيم
_eمعد.
245 1 2 _aالمسئولية المدنية للطبيب :
_bدراسة تحليلية تطبيقية في اطار طب التخدير /
_cإعداد دكتور إبراهيم أحمد المسلماني.
250 _aالطبعة الأولى.
264 3 1 _aالقاهرة :
_bالمركز العربي للنشر والتوزيع،
_c2022.
300 _a345 صفحة.
650 1 7 _aالتبعية القانونية.
650 1 7 _aالطب.
650 1 7 _aالاهمال.
650 1 7 _aالقانون الخاص.
942 _2ddc
_cBK
999 _c143991
_d143991